| 000 | 00250nam a22000977a 4500 | ||
|---|---|---|---|
| 999 |
_c17779 _d17779 |
||
| 003 | Nust | ||
| 005 | 20170316132640.0 | ||
| 008 | 140207t xxu||||| |||| 00| 0 eng d | ||
| 020 | _a0 | ||
| 040 | _c0 | ||
| 082 | _a302.23 HIJ | ||
| 100 |
_a Hijazi,Dr. M.A. _9680 |
||
| 245 |
_aMass Communication Theory & Practice _cDr Miskeen Ali Hijazi |
||
| 250 | _aRevised ed. | ||
| 260 |
_aLahore _bA-One _c2004 |
||
| 300 | _axvii, 349 p. : | ||
| 500 | _aH.B. | ||
| 942 |
_2ddc _cBK _k302.23 HIJ |
||